000 01432pam a22003731i 4500
999 _c3120
_d3120
001 019498078
003 Uk
005 20231018114901.0
006 m || d |
007 cr |||||||||||
008 190731s2019 enk o 000|0|eng|d
015 _aGBB9D7267
_2bnb
020 _a9781510448100 (pbk.)
037 _aHachetteUK669966
_bIngram Content Group
040 _aStDuBDS
_beng
_cStDuBDS
_dUk
_erda
_epn
041 0 _aeng
_aspa
042 _aukblsr
082 0 4 _a468.242 GAR
_223
100 1 _aGarcía Sánchez, José Antonio,
_eauthor.
245 1 0 _aCambridge IGCSE Spanish:
_pStudy and revision guide /
_cJosé Antonio García Sánchez, Tony Weston.
264 1 _aLondon :
_bHodder Education,
_c2019.
300 _a1 online resource.
336 _atext
_2rdacontent
337 _acomputer
_2rdamedia
338 _aonline resource
_2rdacarrier
520 _aSend students into their exam with the confidence to aim for their best with this formula for effective and structured revision including guidance that helps students practice vocabulary, grammar and all four skills.
588 _aDescription based on CIP data; resource not viewed.
650 0 _aSpanish language
_xExaminations
_vStudy guides.
650 0 _aSpanish language
_vTextbooks for foreign speakers
_xEnglish.
700 1 0 _aWeston, Tony,
_d1941-
_eauthor.
776 0 8 _iPrint version :
_z9781510448100
942 _2ddc
_cTR